Stati per numero di Sottomarini - Statistics

Statistiche generali
  • Questo quiz è stato fatto 11 volte
  • Il punteggio medio è 11 su 13
Statistiche sulle risposte
Numero di sottomarini Continente Nazione % Corretto
47 Asia Cina
100%
14 Asia India
100%
19 Asia Iran
100%
21 Asia / Europa Russia
100%
12 Asia / Europa Turchia
100%
71 Asia Corea del Nord
90%
20 Asia Corea del Sud
90%
8 Africa Egitto
90%
22 Asia Giappone
90%
8 Europa Italia
80%
8 Asia Pakistan
80%
11 Europa Grecia
70%
8 Asia Vietnam
50%
Nessun quiz corrispondente trovato
Distribuzione punteggi
Percentuale di utenti per punteggio
Percentile per numero di risposta
I tuoi punteggi nel tempo
Non hai fatto questo quiz